000
00257nam a22001217a 4500
003
SGT
082
_a
345
_b
UNI
100
_a
UNIVERSAL
245
_a
THE BHARATIYA NYAYA SANHITA 2023
260
_a
GURUGRAM
_b
UNIVERSAL
_c
2026
300
_a
144
942
_2
ddc
_c
BK
999
_c
34081
_d
34081